Otčet o vtorom putešestvii k ujguram S. E. Malova

Elmentve itt :
Bibliográfiai részletek
Szerző: Malov Sergej Efimovič
Dokumentumtípus: Cikk
Megjelent: Tip. Imperatorskoj Akademii Nauk S.-Peterburg 1914
Sorozat:Izvestiâ Russkogo Komiteta dlâ izučeniâ Srednej i Vostočnoj Azii
Kulcsszavak:Néprajz - ujgur
Tárgyszavak:
Online Access:http://misc.bibl.u-szeged.hu/63627
LEADER 00895nab a2200241 i 4500
001 misc63627
005 20220920112522.0
008 220622s1914 hu o 0|| rus d
040 |a SZTE Miscellanea Repozitórium  |b hun 
041 |a rus 
100 1 |a Malov Sergej Efimovič 
245 1 0 |a Otčet o vtorom putešestvii k ujguram S. E. Malova  |h [elektronikus dokumentum] /  |c  Malov Sergej Efimovič 
260 |a Tip. Imperatorskoj Akademii Nauk  |b S.-Peterburg  |c 1914 
300 |a p. 85-88.  |c 25 cm 
490 0 |a Izvestiâ Russkogo Komiteta dlâ izučeniâ Srednej i Vostočnoj Azii 
561 |a Németh Gyula hagyaték 
591 |a NOA 3391 
650 4 |a Társadalomtudományok 
650 4 |a Szociológia 
650 4 |a Bölcsészettudományok 
650 4 |a Nyelvek és irodalom 
695 |a Néprajz - ujgur 
856 4 0 |u http://misc.bibl.u-szeged.hu/63627/1/3391_noa_m25.pdf  |z Dokumentum-elérés